| 000 | 00749nam a22002537a 4500 | ||
|---|---|---|---|
| 001 | 59411 | ||
| 003 | BD-RjUL | ||
| 005 | 20211209080727.0 | ||
| 008 | 161224s2006 bg ||||| |||| 001 0 eng d | ||
| 020 | _a8178802422 | ||
| 035 | _a(BD-RjUL) 59535 | ||
| 040 |
_aBD-RjUL _beng _cBD-RjUL |
||
| 041 | _aeng | ||
| 082 |
_223 _a320.954 _bARP 2006 |
||
| 100 | 1 |
_aArora, R. K. _9176152 |
|
| 245 | 1 | 0 |
_aPerspectives of public administration / _cArora R. K. |
| 260 |
_aNew Delhi, India : _bRajat Publications, _cc2006 |
||
| 300 |
_a287 p. : _bill. ; _c23 cm |
||
| 500 | _aIncludes index. | ||
| 650 |
_aPolitics and government _zIndia _9176698 |
||
| 650 |
_aPolitics and government _9173444 |
||
| 650 |
_aPublic administration _9174881 |
||
| 942 |
_2ddc _cBK |
||
| 999 |
_c59411 _d59411 |
||